00260nam a2200097Ia 4500008004100000041000800041100001800049245006000067260002700127300000800154240521s1999 xx 000 0 und d aeng aLITTLEWOOD M. aLANDSCAPE DETAILING VOLL- II, SURFACES , IIIRD EDITION. bC.B.S PUBLISHERSc1999 a208